000 01087cam a22002891i 4500
003 SA-RiAUC
005 20250729063217.0
008 250725s1967 le g 00000 ara c
040 _aSA-RiKSU
_bara
_cSA-RiAUC
_erda
041 1 _aara
_hund
050 4 _b.A83 1967
082 0 4 _a257.1
_qSA-RiAUC
090 _a257.1
_bا س د
100 1 _aأسد، محمد،
_d1900-1992
_eمؤلف.
245 1 0 _aمنهاج الإسلام في الحكم /
_cتأليف محمد أسد ؛ ترجمة منصور محمد ماضي.
250 _aالطبعة الثالثة.
264 1 _aبيروت :
_bدار العلم للملايين،
_c1967
300 _a192 صفحة ؛
_c20 سم
336 _aنص
_btxt
_2rdacontent
_3كتاب
337 _aبدون وسيط
_bn
_2rdamedia
338 _aمجلد
_bnc
_2rdacarrier
650 7 _aنظم الحكم في الإسلام
_2aucsh
650 7 _aالنظام السياسي في الإسلام
_2aucsh
700 1 _aماضي، منصور محمد
_eمترجم.
942 _2ddc
_cBOOK
_n0
949 _aSA-JeALM
_d250725
_umohamedma123
_n1
999 _c10373
_d10373